Nanoscience and its applications (Record no. 1211422)
[ view plain ]
| 000 -LEADER | |
|---|---|
| fixed length control field | 01306nam a2200349Ia 4500 |
| 003 - CONTROL NUMBER IDENTIFIER | |
| control field | OSt |
| 005 - DATE AND TIME OF LATEST TRANSACTION | |
| control field | 20221007123132.0 |
| 008 - FIXED-LENGTH DATA ELEMENTS--GENERAL INFORMATION | |
| fixed length control field | 221006b |||||||| |||| 00| 0 eng d |
| 020 ## - INTERNATIONAL STANDARD BOOK NUMBER | |
| International Standard Book Number | 9780323497800 (hbk) |
| 037 ## - SOURCE OF ACQUISITION | |
| Terms of availability | Textual |
| 040 ## - CATALOGING SOURCE | |
| Original cataloging agency | PAPL |
| Transcribing agency | PAPL |
| Language of cataloging | eng |
| 041 ## - LANGUAGE CODE | |
| Source of code | eng |
| Language code of text/sound track or separate title | eng |
| 100 ## - MAIN ENTRY--PERSONAL NAME | |
| Personal name | Da Roz Alessandra L Ed. |
| 9 (RLIN) | 716606 |
| 245 #0 - TITLE STATEMENT | |
| Title | Nanoscience and its applications |
| Remainder of title | Ferreira Marysstela Ed. Leite Fabio De Lima Ed. Oliveira Jr. Osvaldo N Ed. |
| 260 ## - PUBLICATION, DISTRIBUTION, ETC. | |
| Place of publication, distribution, etc. | Oxford |
| Name of publisher, distributor, etc. | Elsevier |
| Date of publication, distribution, etc. | 2017 |
| 300 ## - PHYSICAL DESCRIPTION | |
| Extent | x, 228p. ill. |
| Dimensions | cm. |
| 490 ## - SERIES STATEMENT | |
| Series statement | Micro & nano technologies series |
| 500 ## - GENERAL NOTE | |
| General note | Index 221-228p. |
| 650 ## - SUBJECT ADDED ENTRY--TOPICAL TERM | |
| Topical term or geographic name entry element | Electrochemical sensors |
| 9 (RLIN) | 716607 |
| 650 ## - SUBJECT ADDED ENTRY--TOPICAL TERM | |
| Topical term or geographic name entry element | Nanoelectronics |
| 650 ## - SUBJECT ADDED ENTRY--TOPICAL TERM | |
| Topical term or geographic name entry element | Nanoneurobiophysics |
| 9 (RLIN) | 716608 |
| 650 ## - SUBJECT ADDED ENTRY--TOPICAL TERM | |
| Topical term or geographic name entry element | Physics |
| 700 ## - ADDED ENTRY--PERSONAL NAME | |
| Personal name | Ferreira Marysstela Ed. |
| 9 (RLIN) | 716609 |
| 700 ## - ADDED ENTRY--PERSONAL NAME | |
| Personal name | Leite Fabio De Lima Ed. |
| 9 (RLIN) | 716610 |
| 700 ## - ADDED ENTRY--PERSONAL NAME | |
| Personal name | Oliveira Jr. Osvaldo N Ed. |
| 9 (RLIN) | 716611 |
| 942 ## - ADDED ENTRY ELEMENTS (KOHA) | |
| Classification part | C21:(D), Q7 Carpa |
| Koha item type | Textual |
| Source of classification or shelving scheme | Colon Classification (CC) |
| Withdrawn status | Lost status | Source of classification or shelving scheme | Damaged status | Not for loan | Home library | Current library | Date acquired | Source of acquisition | Total Checkouts | Full call number | Barcode | Date last seen | Price effective from | Koha item type |
|---|---|---|---|---|---|---|---|---|---|---|---|---|---|---|
| Colon Classification (CC) | Department of Physics and Astrophysics Library | Department of Physics and Astrophysics Library | 2022-10-07 | 5505, 14/03/2019, Ashutosh Technical Books | C21:(D) Q7 Carpa | PA0007531 | 2022-10-07 | 2022-10-07 | Textual |
